000 00564nam a22001577a 4500
003 PILC
005 20150930132105.0
008 150930b xxu||||| |||| 00| 0 eng d
050 _aBV 4012.2
_b.Sa175 2011
100 _aSalonga, Christopher C.
245 _aBetter 2012 and beyond :
_ba christian perspective on the end of the world /
_cChristopher C. Salonga.
260 _aQuezon City :
_bThe Library Publishing House, Inc.,
_c2011.
300 _av, 157 pages :
_billustrations ;
_c18 cm.
500 _aIncludes bibliographical references.
942 _2lcc
_cBK
_kLOC
999 _c288780
_d288780